| 000 | 00000nam 2200000zi 4500 |
| 001 | 9.921227 |
| 003 | CaOODSP |
| 005 | 20230531134405 |
| 006 | m o d f |
| 007 | cr cn||||||||| |
| 008 | 230323e202304##nkcdab ob f000 0 eng d |
| 020 | |a9780660481395 |
| 040 | |aCaOODSP|beng|erda|cCaOODSP |
| 043 | |an-cn--- |
| 086 | 1 |aFs70-6/2023-017E-PDF |
| 245 | 00|aAssessment of snow crab (Chionoecetes opilio) in the southern Gulf of St. Lawrence (Areas 12, 12E, 12F and 19) to 2022 and advice for the 2023 fishery. |
| 264 | 1|aMoncton, NB : |bCanadian Science Advisory Secretariat, |cApril 2023. |
| 264 | 4|c©2023 |
| 300 | |a1 online resource (16 pages) : |bcharts, illustrations, maps. |
| 336 | |atext|btxt|2rdacontent |
| 337 | |acomputer|bc|2rdamedia |
| 338 | |aonline resource|bcr|2rdacarrier |
| 490 | 1 |aScience advisory report, |x1919-5087 ; |v2023/017 |
| 500 | |aCaption title. |
| 500 | |aIssued also in French under title: Évaluation du crabe des neiges (Chionoecetes opilio) du sud du golfe du Saint-Laurent (zones 12, 12E, 12F et 19) en 2022 et avis pour la pêche de 2023. |
| 504 | |aIncludes bibligraphical references (pages 15). |
| 650 | 0|aSnow crab|zSaint Lawrence, Gulf of. |
| 650 | 0|aSnow crab fisheries|zSaint Lawrence, Gulf of. |
| 650 | 0|aFish stock assessment|zSaint Lawrence, Gulf of. |
| 710 | 2 |aCanadian Science Advisory Secretariat, |eissuing body. |
| 710 | 1 |aCanada. |bDepartment of Fisheries and Oceans. |bGulf Region, |eissuing body. |
| 775 | 08|tÉvaluation du crabe des neiges (Chionoecetes opilio) du sud du golfe du Saint-Laurent (zones 12, 12E, 12F et 19) en 2022 et avis pour la pêche de 2023.|w(CaOODSP)9.921228 |
| 830 | #0|aScience advisory report (Canadian Science Advisory Secretariat)|x1919-5087 ; |v2023/017.|w(CaOODSP)9.506226 |
| 856 | 40|qPDF|s1.65 MB|uhttps://publications.gc.ca/collections/collection_2023/mpo-dfo/fs70-6/Fs70-6-2023-017-eng.pdf |